| 000 | 01268cam a2200337 a 4500 | ||
|---|---|---|---|
| 999 |
_c531764 _d531764 |
||
| 001 | 16336223 | ||
| 003 | NUST | ||
| 005 | 20191025122314.0 | ||
| 008 | 100716s2011 flua b 001 0 eng | ||
| 010 | _a 2010027449 | ||
| 020 | _a9781439800232 (hardcover : alk. paper) | ||
| 020 | _a1439800235 (hardcover : alk. paper) | ||
| 035 | _a(OCoLC)ocn649417509 | ||
| 038 | _aMSOHAIL | ||
| 040 |
_aDLC _cDLC _dYDX _dYDXCP _dBWX _dCDX _dDLC |
||
| 050 | 0 | 0 |
_aTA1145 _b.S65 2011 |
| 082 | 0 | 0 |
_a388.015195 _222 |
| 100 | 1 |
_aSpiegelman, Clifford H. _q(Clifford Henry) _924801 |
|
| 245 | 1 | 0 |
_aTransportation statistics and microsimulation / _cClifford H. Spiegelman, Eun Sug Park, Laurence R. Rilett. |
| 260 |
_aBoca Raton, FL : _bChapman & Hall/CRC, _cc2011. |
||
| 300 |
_axxvii, 355 p. : _bill. ; _c25 cm. |
||
| 500 | _a"A CRC title." | ||
| 504 | _aIncludes bibliographical references and index. | ||
| 650 | 0 |
_aTransportation engineering _xStatistical methods. _924802 |
|
| 650 | 0 |
_aTransportation _xSimulation methods. _924803 |
|
| 700 | 1 |
_aPark, Eun Sug. _924804 |
|
| 700 | 1 |
_aRilett, Laurence R. _924805 |
|
| 906 |
_a7 _bcbc _corignew _d1 _eecip _f20 _gy-gencatlg |
||
| 942 |
_2ddc _cBK |
||